Central Library OPAC University of Rajshahi

The demand for money : (Record no. 46037)

MARC details
000 -LEADER
fixed length control field 00820cam a2200265 a 4500
001 - CONTROL NUMBER
control field 46037
003 - CONTROL NUMBER IDENTIFIER
rucl marc code BD-RJUL
005 - DATE AND TIME OF LATEST TRANSACTION
control field 20211209054112.0
008 - FIXED-LENGTH DATA ELEMENTS--GENERAL INFORMATION
fixed length control field 160730s1972 enka b 001 0 eng d
035 ## - SYSTEM CONTROL NUMBER
System control number BD-RJUL 46155
040 ## - CATALOGING SOURCE
Original cataloging agency BD-RjUL
Language of cataloging eng
Transcribing agency BD-RjUL
041 ## - LANGUAGE CODE
Language code of text/sound track or separate title eng
082 ## - DEWEY DECIMAL CLASSIFICATION NUMBER
Edition number 23
Classification number 332.401
Author mark and year LAD 1972
100 1# - MAIN ENTRY--PERSONAL NAME
Personal name Laidler, David E. W.
9 (RLIN) 140736
245 14 - TITLE STATEMENT
Title The demand for money :
Remainder of title theories and evidence /
Statement of responsibility, etc. David E. W. Laidler.
250 ## - EDITION STATEMENT
Edition statement 1st edi.
260 ## - PUBLICATION, DISTRIBUTION, ETC. (IMPRINT)
Place of publication, distribution, etc. London :
Name of publisher, distributor, etc. International Textbook Co,
Date of publication, distribution, etc. 1972
300 ## - PHYSICAL DESCRIPTION
Pagination xiii, 128 p. :
Illustrations ill. ;
Size 21 cm.
490 0# - SERIES STATEMENT
Series statement International's series in monetary economics.
504 ## - BIBLIOGRAPHY, ETC. NOTE
Bibliography, etc Bibliography: p. 121-123.
650 #0 - SUBJECT ADDED ENTRY--TOPICAL TERM
Topical term or geographic name as entry element Demand for money.
9 (RLIN) 140737
Topical term or geographic name as entry element Money
General subdivision Mathematical models.
9 (RLIN) 140738
942 ## - ADDED ENTRY ELEMENTS (KOHA)
Source of classification or shelving scheme Dewey Decimal Classification
Koha item type Books
Holdings
Lost status Source of classification or shelving scheme Damaged status Not for loan Collection code Permanent Location Current Location Shelving location Date acquired Source of acquisition Cost, normal purchase price Total Checkouts Full call number Date last seen Copy number Koha item type
  Dewey Decimal Classification     Non-fiction Central Library, University of Rajshahi Central Library, University of Rajshahi   11/02/1975 N/A 0.00   332.401 LAD 1972 30/07/2016 C-2 Books
  Dewey Decimal Classification     Non-fiction Central Library, University of Rajshahi Central Library, University of Rajshahi   11/02/1975 N/A 0.00   332.401 LAD 1972 30/07/2016 C-3 Books